Entrepreneurship 11th Ed. (Record no. 21427)

MARC details
000 -LEADER
fixed length control field 00319nam a22001337a 4500
008 - FIXED-LENGTH DATA ELEMENTS--GENERAL INFORMATION
fixed length control field 250830b |||||||| |||| 00| 0 eng d
020 ## - INTERNATIONAL STANDARD BOOK NUMBER
ISBN 978-93-90113-30-9
100 ## - MAIN ENTRY--AUTHOR NAME
Personal name R D Hisrich
245 ## - TITLE STATEMENT
Title Entrepreneurship 11th Ed.
250 ## - EDITION STATEMENT
Edition statement 11th
260 ## - PUBLICATION, DISTRIBUTION, ETC. (IMPRINT)
Place of publication India
Name of publisher McGraw Hill
Year of publication 2024
300 ## - PHYSICAL DESCRIPTION
Number of Pages 558
942 ## - ADDED ENTRY ELEMENTS (KOHA)
Source of classification or shelving scheme Dewey Decimal Classification
Koha item type Books
Holdings
Accession Number Cost, normal purchase price Bill Date Source of acquisition Price effective from Koha item type Withdrawn / writtenoff status Damaged status Not for loan Permanent Location Current Location Shelving location Date acquired Lost/ Missing status department
BBA 396 1020.00 19-08-2025 ABD Publisher 08/30/2025 Books     Not For Loan MIET Library, Jammu MIET Library, Jammu 173/4 08/19/2025   BBA
BBA 397 1020.00 19-08-2025 ABD Publisher 08/30/2025 Books       MIET Library, Jammu MIET Library, Jammu 189/1 08/19/2025   BBA
BBA 398 1020.00 19-08-2025 ABD Publisher 08/30/2025 Books       MIET Library, Jammu MIET Library, Jammu 189/1 08/19/2025   BBA
BBA 399 1020.00 19-08-2025 ABD Publisher 08/30/2025 Books       MIET Library, Jammu MIET Library, Jammu 189/1 08/19/2025   BBA
BBA 400 1020.00 19-08-2025 ABD Publisher 08/30/2025 Books       MIET Library, Jammu MIET Library, Jammu 189/1 08/19/2025   BBA